LEADER 01606nam a2200301 4500 001 000000343225 003 CaOOAMICUS 005 20201203113136.0 008 201203s2016 it a 000 u ger r 020 $a978-3-99050-043-9 040 $aSeMil$bita 100 1 $aDemir, Ramazan.$0(OLS)http://semarc/name/112566 245 10$aReise nach Jerusalem :$bein Imam und ein Rabbiner unterwegs /$cRamazan Demir, Schlomo Hofmeister ; aufgezeichnet von Maria-Christine Leitgeb ; mit 37 fotos von Florian Rainer. 264 1$aVienna :$bAmalthea,$c2016. 300 $a189 p. :$bill. ;$c22 cm 650 4$aIslamismo e Giudaismo.$0(OLS)http://semarc/subject/20448 650 4$aGerusalemme - Descrizioni e viaggi.$0(OLS)http://semarc/subject/17110 700 1 $aHofmeister, Schlomo,$eautore.$0(OLS)http://semarc/name/112567 700 1 $aLeitgeb, Marie-Christine,$ecuratrice.$0(OLS)http://semarc/name/112568 700 1 $aRainer, Florian,$efotografo.$0(OLS)http://semarc/name/112569 850 $aSeMil 852 $aSeMil$W1$xVenegono$y1$m2R II 442$j222912$B234215$CSeMilBibl$Z2$F234215 $81 961 $aPerego don Stefano - Omaggio 961 $aTibri "ungültig" (non valido) e "öffentliche pfarrbücherei 4421 Aschach / Steyr" (pubblica contabilità parrocchiale del comune Aschach an der Steyr - Austria) 996 $6020$a978-3-99050-043-9$9(OLS)http://semarc/number/291798 996 $6245$aReise nach Jerusalem :$bein Imam und ein Rabbiner unterwegs$9(OLS)http://semarc/title/432207 996 $6264$aVienna :$bAmalthea$9(OLS)http://semarc/publisher/59408 LEADER 00836nam a2200229 i 4500 001 000000087436 003 CaOOAMICUS 005 20180830150021.0 008 180830s1964 xx u000 u und u 013 $a59676 020 $a88-245- 040 $aSeMil$bita 100 1 $aMumford, Lewis,$d<1895-1990>.$0(OLS)http://semarc/name/21265 245 13$aLa città nella storia. 260 $aMilano :$bEdizioni di Comunità,$c1964. 300 $a782 p. 650 4$aCittà - Storia.$0(OLS)http://semarc/subject/6005 850 $aSeMil 852 $aSeMil$W1$xVenegono$y1$m102 2 9 *$j50925$B50925$CSeMilBibl$Z2$F55035 $81 996 $6020$a88-245-$9(OLS)http://semarc/number/67510 996 $6245$aLa città nella storia$9(OLS)http://semarc/title/62786 996 $6260$aMilano :$bEdizioni di Comunità$9(OLS)http://semarc/publisher/31458